| 000 | 00489nam a2200157Ia 4500 | ||
|---|---|---|---|
| 008 | 151021s9999 xx 000 0 und d | ||
| 020 | _a131595342 | ||
| 050 | _aTK454 .B33 1992 | ||
| 245 | _a_Computer-aided circuit analysis using PSPICE.-2nd ed Walter Banzhaf | ||
| 260 | _aNew Jersey Regents/Prentice hall 1992 | ||
| 300 | _ax,310p.;ill | ||
| 500 | _aIncludes index. | ||
| 500 | _aIncludes index. | ||
| 650 | _a_Electric circuit analysis | ||
| 980 | _a^d20130520 12:04:08^oanne | ||
| 999 |
_c13486 _d13486 |
||